|
|
|
|
| LEADER |
00000nam2a2200000 4500 |
| 001 |
279462 |
| 005 |
20231101235218.0 |
| 020 |
|
|
|a RU
|b 86-7069ж
|
| 035 |
|
|
|a (RuTPU)RU\TPU\book\302741
|
| 090 |
|
|
|a 279462
|
| 100 |
|
|
|a 20141219d1986 k y0rusy5003 ca
|
| 101 |
0 |
|
|a rus
|
| 102 |
|
|
|a UA
|
| 105 |
|
|
|a a z 001zy
|
| 200 |
0 |
|
|a Вып. 29
|
| 210 |
|
|
|d 1986
|
| 215 |
|
|
|d 21 см
|a 133 с.
|c ил.
|
| 320 |
|
|
|a Библиография в конце статей
|
| 461 |
|
1 |
|0 (RuTPU)RU\TPU\book\166926
|t Украинский геометрический сборник
|o республиканский межведомственный научный сборник
|f Харьковский государственный университет (ХГУ)
|v Вып. 29
|d 1965-1992
|
| 606 |
1 |
|
|a Геометрия
|2 stltpush
|3 (RuTPU)RU\TPU\subj\6171
|9 34123
|
| 610 |
1 |
|
|a поверхности Петерсона
|
| 610 |
1 |
|
|a многомерные поверхности
|
| 610 |
1 |
|
|a параболические поверхности
|
| 610 |
1 |
|
|a выпуклые многогранники
|
| 610 |
1 |
|
|a метрические пространства
|
| 610 |
1 |
|
|a инварианты
|
| 610 |
1 |
|
|a выпуклые поверхности
|
| 610 |
1 |
|
|a радиус кривизны
|
| 610 |
1 |
|
|a псевдоримановы сферические пространства
|
| 675 |
|
|
|a 514
|z rus
|v 4
|
| 801 |
|
0 |
|a RU
|b RuMRKP
|c 19950704
|g psbo
|
| 801 |
|
1 |
|a RU
|b 63413507
|c 20141219
|
| 801 |
|
2 |
|a RU
|b 63413507
|c 20170418
|g RCR
|
| 942 |
|
|
|c BK
|